| 000 | 00613nam a2200205Ia 4500 | ||
|---|---|---|---|
| 003 | OSt | ||
| 005 | 20260606121307.0 | ||
| 008 | 210210b1971 xxu||||| |||| 00| 0 eng d | ||
| 040 | _cAL | ||
| 041 | _aKannada | ||
| 082 | _a398.2K PARJ | ||
| 100 |
_aPARAMASHIVAYYA (G Sham). _dಪರಮಶಿವಯ್ಯ (ಜೀ ಶಂ). _9265437 |
||
| 245 |
_aJanapada kavyakathegalu. _bಜಾನಪದ ಕಾವ್ಯಕಥೆಗಳು |
||
| 260 |
_aMaisuru. _bSuruchi Prakashana., _c1971 |
||
| 300 | _a416 | ||
| 650 |
_aJanapada Kavya Kathegalu _9265438 |
||
| 690 |
_aFolklore _9265439 |
||
| 906 | _a032724 | ||
| 942 |
_2ddc _cBK |
||
| 999 |
_c83755 _d83755 |
||